| 000 | 01128nam a22002297a 4500 | ||
|---|---|---|---|
| 999 |
_c59484 _d59484 |
||
| 003 | Ge_BSU | ||
| 005 | 20230228112058.0 | ||
| 008 | 230228s2009 ge ||||| |||| 00| 0 geo d | ||
| 020 | _a9789941906329 | ||
| 041 | _ageo | ||
| 080 | _a352: 316.32 ბ-48 | ||
| 100 |
_aბენიგჰაუსი, ქრისტინა. _b _917074 |
||
| 245 |
_aთანამონაწილეობიდან სამოქალაქო საზოგადოებამდე / _cქრისტინა ბენიგჰაუსი, ასმათ დიასამიძე. |
||
| 250 | _a[I-ლი გამოც.]. | ||
| 264 |
_aთბილისი: _bპეტიტი, _c 2009. |
||
| 300 |
_a111გვ. : _bილ. ; _c23სმ. |
||
| 501 | _aდანართები: გვ. 71-111. | ||
| 653 | _aმოქალაქეთა მონაწილეობა თვითმმართველობაში | ||
| 653 | _aსამოქალაქო საზოგადოება | ||
| 700 |
_aდიასამიძე, ასმათ _eავტორი _94930 |
||
| 942 |
_2udc _cBK |
||